000 01082cam a22002054a 4500
005 20250827113855.0
008 250528s ||||||||||||||||||||||||d
035 _a18211
020 _a139179984
040 _aGR-AtMCL
_bgre
_dGR-AtMCL
_eAACR2
245 1 _aOperating Systems / Internals and Design Principles
250 _a3rd
260 _bPrentice Hall,
_c1998
300 _a786
520 _aA unique operating systems textbook that blends a comprehensive theoretical foundation for understanding operating systems with real-world applications. Preface, Background, Operating System Overview, Processes, Process Description and Control, Threads and SMP and Microkernels, Memory, Memory Management, Virtual Memory, Scheduling, Uniprocessor Scheduling, Multiprocessor and Real-Time Scheduling, Input/ Output and Files, I/O Management and Disk Scheduling, File Management, Distributed Systems, Distributed Process Management, Security, Appendices, Glossary, References, Index.
700 1 _aStallings, William
_91498
942 _cBK
999 _c3588
_d3588